000 00374nam a2200133Ia 4500
008 220217s9999||||xx |||||||||||||| ||und||
020 _a0-07-042140-4
082 _a004.165 PRE
100 _aPredko, Myke
245 0 _aProgramming and Customizing the 8051 microcontroller
260 _aTata mcgraw hill
_bNew Delhi
_c1999
300 _b315
650 _aMICROPROCESSOR
999 _c166761
_d166761